Music Quiz

Random Music or Song Quiz

I'm Too Sexy List Quiz Stats

 Plays Quiz Updated Jun 18, 2015

Score 0/10 Timer 02:00
1 Play Today
% Correct
My shirt (so sexy it hurts)
95.6%
My car (too sexy by far)
56%
My cat (poor pussy...poor pussycat)
53.6%
This song
46.5%
My hat (what d'you think about that?)
42.5%
Milan
34.1%
Japan
32.4%
New York
31%
My love (love's going to leave me)
30.1%
Your party (no way I'm disco dancing)
24.4%

You're not logged in!

Compare scores with friends on all Sporcle quizzes.
OR
Log In

Sporcle TV

Today on Sporcle TV


Watch our educational content, quiz creation guides, and fun videos on Sporcle TV.

Show Comments

Extras

Top Quizzes Today


Score Distribution

Your Account Isn't Verified!

In order to create a playlist on Sporcle, you need to verify the email address you used during registration. Go to your Sporcle Settings to finish the process.

Report this User

Report this user for behavior that violates our Community Guidelines.

Details: